000 00506nam a2200193Ia 4500
005 20250326142606.0
008 250326s9999 xx 000 0 und d
037 _aTextbook
040 _aFMSL
_beng
_cFMSL
041 _aeng
_2eng
084 _qFMSL
100 _aVanhorne JC
_9746282
245 0 _aFundamentals of ficial Management
_cVanhorne JC
250 _aed5
260 _aNew Delhi
_bNew Delhi, Prectice_Hall of India
_c1983
300 _a632p
942 _cTB
999 _c1295736
_d1295736